[Event "FRA-chT Top 12 2019"]
[Site "Brest"]
[Date "2019.05.21"]
[Round "4.4"]
[White "Brochet, Philippe"]
[Black "Eljanov, Pavel"]
[Result "0-1"]
[WhiteElo "2400"]
[BlackElo "2661"]
[Annotator "TA"]
[PlyCount "56"]
[EventDate "2019.05.18"]
[EventType "team-tourn"]
[EventCountry "FRA"]
[SourceTitle "playchess.com"]
[Source "ChessBase"]
[SourceQuality "1"]

{[%evp 12,55,28,22,33,40,38,15,24,25,91,108,168,83,101,36,79,83,73,0,0,-68,-62,-234,-236,-340,-254,-252,-244,-245,-248,-374,-155,-139,-144,-1325,-1297,-1335,-1320,-1275,-1223,-29994,-29995,-29995,-29996,-29999]} 1. e4 c5 2. Nc3 d6 3. Bb5+ Nc6 4. Bxc6+ bxc6 5. d3 g6 6. f4 Bg7 7. Nf3 c4 {B23: Closed Sicilian: Lines without g3} (7... Qb6 8. O-O Nf6 9. Kh1 O-O 10. Qe1 Bg4 11. b3 Nh5 12. Bd2 Rae8 13. Qh4 Bd7 14. Rae1 Qd8 15. e5 {0-1 (71) Mitkov,N (2477)-Sarana,A (2630) chess.com INT 2019}) 8. dxc4 $146 ({Predecessor:} 8. d4 d5 9. O-O Nf6 10. e5 Ne4 11. Nxe4 dxe4 12. Ng5 Qd5 13. Re1 Bf5 14. g4 h6 15. Nh3 {0-1 (35) Dembo,Y (2396)-Shadrina,T (2401) Vladimir 2004}) 8... Qb6 9. Qd3 Nh6 {The position is equal.} 10. h3 O-O (10... f5 $1 $11) 11. g4 $16 Kh8 (11... f5 $16) 12. f5 (12. b3 $18 {is more deadly.}) 12... Ng8 {[#]} 13. b3 (13. Rb1 $1 $16) 13... gxf5 14. gxf5 d5 15. e5 (15. Be3 $16 dxe4 16. Nxe4) 15... dxc4 $11 16. Qe4 ({White should play} 16. Qxc4 $11 Bxf5 17. Bd2) 16... Nh6 $15 17. Nd4 $2 (17. Na4 $15 Bxf5 18. Qh4 Qa5+ {[%mdl 64] Double Attack} 19. Bd2) 17... Rd8 $19 18. Be3 (18. f6 {might work better.} exf6 19. Nde2) 18... Qa5 19. Bd2 {[#] f6! is the strong threat.} Rxd4 $1 {[%mdl 64] Deflection} 20. Qxd4 {Black must now prevent f6.} Nxf5 21. Qe4 (21. Qxc4 $142 Qxe5+ 22. Qe2 Qg3+ 23. Qf2 Bxc3 24. Qxg3 Bxd2+ 25. Kxd2 Nxg3 26. Rhe1) 21... Ng3 {[%mdl 64] Double Attack} 22. Qxc6 {White wants to mate with Qe8+!} Qxe5+ 23. Kd1 $2 {[%mdl 8192] [#]} (23. Kf2 $17 Nxh1+ 24. Rxh1 Qf5+ 25. Ke2 Qe6+ 26. Qxe6 Bxe6 27. Nd1) 23... Bb7 $1 {[%mdl 576] Skewer} 24. Qxb7 {[#]} Rd8 $1 {[%mdl 512] ( -> ...Qxc3)} 25. Qf3 {[#]} Rxd2+ $1 {[%mdl 576] Remove Defender} 26. Kxd2 Bh6+ {Black mates.} 27. Kd1 Qd4+ 28. Ke1 Qd2# {Accuracy: White = 15%, Black = 59%.} 0-1

[Event "FRA-chT Top 12 2019"]
[Site "Brest"]
[Date "2019.05.21"]
[Round "4.4"]
[White "Genzling, Alain"]
[Black "Smith, Axel"]
[Result "1/2-1/2"]
[WhiteElo "2376"]
[BlackElo "2481"]
[Annotator "TA"]
[PlyCount "74"]
[EventDate "2019.05.18"]
[EventType "team-tourn"]
[EventCountry "FRA"]
[SourceTitle "playchess.com"]
[Source "ChessBase"]
[SourceQuality "1"]

{[%evp 9,74,-8,-2,-17,0,-11,-1,0,0,0,0,-22,0,-1,9,14,20,-16,-14,-19,0,9,2,0,0,14,12,18,22,7,0,4,9,-105,-103,-103,-103,-104,-95,-152,-163,-149,-147,-143,-45,-152,-122,-161,-107,-104,0,-406,0,0,0,0,0,0,0,0,0,0,0,0,0,0,0]} 1. c4 e5 2. Nc3 Bb4 3. g3 Bxc3 4. dxc3 d6 5. e4 (5. Bg2 Nc6 6. c5 Nf6 7. cxd6 cxd6 8. e4 Be6 9. Bg5 O-O 10. Nf3 Bc4 11. Nd2 Be6 12. Qf3 Bg4 13. Qxg4 Nxg4 14. Bxd8 Rfxd8 {½-½ (27) Granda Zuniga,J (2688)-Grigoryan,K (2612) Atarrabia 2016}) 5... Nc6 6. Bg2 {A21: English Opening: 1...e5 2 Nc3} Nge7 7. Be3 Be6 $146 ({Predecessor:} 7... b6 8. b4 O-O 9. Ne2 Be6 10. c5 bxc5 11. bxc5 d5 12. Qa4 Qe8 13. O-O-O d4 14. cxd4 Nxd4 15. Qxe8 Nxe2+ {1-0 (57) Garber,V (2161)-Marano,S (1939) Tallinn 2010}) 8. b3 O-O 9. Qd2 f5 10. f3 a6 11. Nh3 Kh8 12. Ng5 Bg8 13. exf5 Nxf5 14. Bf2 b5 15. f4 Qe8 $36 {[%mdl 2048] Black has the initiative.} 16. O-O {Threatening cxb5.} bxc4 17. fxe5 Nxe5 18. Bxa8 Qxa8 19. Bd4 $1 {next Bxe5 is good for White.} h6 {Strongly threatening ...Qd5.} 20. Bxe5 dxe5 21. Rae1 (21. Qc2 $11 {remains equal.} Nd6 22. Rxf8 Qxf8 23. Rf1 cxb3 24. axb3 (24. Rxf8 $2 {too greedy.} bxc2 25. Rf1 hxg5 $19)) 21... hxg5 22. Rxe5 Nh6 {[#] Hoping for ...Rxf1+.} 23. Rxf8 Qxf8 24. Rxg5 (24. b4 $142) 24... cxb3 $17 25. axb3 Bxb3 26. Qd4 Bg8 (26... Nf7 $17 27. Rh5+ Kg8) 27. h4 (27. Rh5 $15 Kh7 28. Qe4+ g6 29. Rh4) 27... Bh7 28. Rd5 {Black must now prevent Rd8.} Qf3 (28... Nf7 $19 29. Qe3 Nd6) 29. Rg5 {[%csl Gg5][%cal Rd4g7] [#]} Nf5 (29... Qf7 $1 $17 30. Qd5 Qf6) 30. Qd8+ $11 Bg8 {And now ...Ne3 would win.} 31. Qf8 {The position is equal.} Qe3+ 32. Kh2 Qf2+ 33. Kh3 {Rh5+ is the strong threat.} Qf1+ 34. Kh2 Qe2+ 35. Kh3 Qf1+ 36. Kh2 {Intending Rh5+ and mate.} Qe2+ 37. Kh3 Qf1+ {Accuracy: White = 51%, Black = 42%.} 1/2-1/2

[Event "FRA-chT Top 12 2019"]
[Site "Brest"]
[Date "2019.05.21"]
[Round "4.5"]
[White "Edouard, Romain"]
[Black "Nezar, Mustapha"]
[Result "1-0"]
[WhiteElo "2642"]
[BlackElo "2339"]
[Annotator "TA"]
[PlyCount "83"]
[EventDate "2019.05.18"]
[EventType "team-tourn"]
[EventCountry "FRA"]
[SourceTitle "playchess.com"]
[Source "ChessBase"]
[SourceQuality "1"]

{[%evp 18,83,21,22,37,37,32,32,40,38,41,23,36,23,35,33,32,32,31,35,51,52,59,61,75,57,80,79,72,56,75,69,129,135,340,340,340,332,333,304,317,321,316,310,549,530,446,429,866,856,855,833,716,716,1450,1329,1312,1315,1102,1062,1315,1299,1274,1227,1328,1292,1218,1194]} 1. c4 c5 2. Nf3 Nf6 3. b3 g6 4. Bb2 Bg7 5. g3 b6 6. Bg2 Bb7 7. O-O O-O 8. d4 cxd4 9. Qxd4 d6 10. Nc3 Ne4 {A30: Symmetrical English: Double Fianchetto and Hedgehog} 11. Qe3 Nxc3 12. Bxc3 Bxc3 {White is slightly better.} 13. Qxc3 Nd7 14. Rfd1 Nf6 15. a4 a5 16. Nd4 {[#]} Qd7 $146 ({Predecessor:} 16... Bxg2 17. Kxg2 Rc8 18. Qf3 Rc5 19. Ra2 {½-½ (43) Bareev,E (2714)-Gelfand,B (2709) Monte Carlo 2004}) 17. Nb5 Bxg2 18. Kxg2 Qc6+ 19. f3 Rfd8 20. e4 Rd7 21. Rd4 Rad8 22. Rad1 Qc5 23. Qd2 Kg7 24. Nc3 Qb4 (24... h5 $14) 25. Qb2 $16 {And now Rd5! would win.} Kg8 $2 {[#]} (25... Qc5 $16 26. Nd5 e5) 26. Rd5 $1 $18 {[%mdl 512]} Nxd5 27. Rxd5 e6 28. Rb5 Qc5 29. Rxc5 dxc5 30. Qc1 Rd3 $2 {[#]} (30... Rd2+ {was called for.} 31. Kh3 Rf2) 31. e5 {White is clearly winning.} R8d4 32. Ne4 Rxb3 (32... Rxe4 $142 33. fxe4 Rxb3) 33. Nf6+ Kg7 34. Ne8+ Kf8 35. Nd6 Rbd3 36. Qh6+ Ke7 37. Qg5+ Kd7 38. Qf6 Rd2+ 39. Kh3 Rxd6 40. Qxf7+ Kc6 41. exd6 Rxd6 42. Qxh7 {Accuracy: White = 76%, Black = 25%.} 1-0

[Event "FRA-chT Top 12 2019"]
[Site "Brest"]
[Date "2019.05.21"]
[Round "4.5"]
[White "Gurevich, Mikhail"]
[Black "Tregubov, Pavel V."]
[Result "1-0"]
[WhiteElo "2566"]
[BlackElo "2586"]
[Annotator "TA"]
[PlyCount "107"]
[EventDate "2019.05.18"]
[EventType "team-tourn"]
[EventCountry "FRA"]
[SourceTitle "playchess.com"]
[Source "ChessBase"]
[SourceQuality "1"]

{[%evp 13,107,5,2,7,22,15,7,0,0,0,8,-77,-74,-61,-70,-71,-72,-69,-39,-56,-18,-40,-32,-52,0,0,-3,-10,6,0,12,17,45,31,100,100,99,95,92,16,28,27,21,21,21,21,27,29,29,12,58,50,57,56,116,108,127,127,117,119,119,120,130,145,149,135,142,142,162,167,189,187,183,195,300,290,315,370,252,184,1299,1057,1989,1989,5708,5231,29963,29963,29972,29972,29973,29974,29976,29978,29977,29978]} 1. c4 e5 2. Nc3 Nf6 3. Nf3 Nc6 4. a3 d5 5. cxd5 Nxd5 6. Qc2 Be7 7. e3 O-O 8. b4 {A28: English Opening: Four Knights Variation} Nxc3 9. dxc3 Qd6 10. Bd3 {The position is equal.} (10. Bb2 {feels hotter.} Qg6 11. Qxg6 hxg6 12. Bd3 Bf5 13. Bxf5 gxf5 14. O-O-O) 10... f5 11. e4 {[%cal Re4f5]} Qg6 $146 ({Predecessor:} 11... f4 12. h3 a5 13. Bb2 Bf6 14. Rd1 Qe7 15. O-O Be6 {0-1 (38) Carlsen,M (2837)-Bu,X (2730) Riadh 2017}) 12. Rg1 (12. Kf1 $11 {remains equal.}) 12... fxe4 $17 13. Bxe4 Bf5 14. Bxf5 Rxf5 (14... Qxf5 15. Qxf5 Rxf5 16. Be3 $11) 15. Qe4 Raf8 16. Ra2 Qe6 17. Rb2 Nd8 18. Re2 Qb3 19. Qc2 Qxc2 20. Rxc2 e4 21. Nd4 Rh5 22. Re2 c5 23. Rxe4 cxd4 (23... Bf6 $14 24. Ne2 Nf7) 24. Rxe7 $16 dxc3 25. Be3 Nc6 26. Re4 (26. Rxb7 $16 {Threatening Rc7.} Rc8 27. Ke2) 26... a5 27. Ke2 axb4 (27... Rxh2 $6 28. b5 $18) 28. axb4 Rb5 29. Rb1 c2 30. Rb2 Rd8 31. Rc4 Rd7 32. Bc5 Nd4+ 33. Kd2 Nf3+ (33... Nf5+ $14 34. Kxc2 b6) 34. Kxc2 Ne1+ 35. Kb3 {Hoping for Re2.} Nd3 36. Rbc2 {Strongly threatening Ka4.} Nxc5+ 37. Rxc5 {[%mdl 4096] Endgame KRR-KRR} Rb6 38. Rc7 Rd3+ 39. R2c3 Rd4 40. R3c4 Rd3+ 41. Ka4 h5 42. R4c5 Rd4 {[#]} 43. Rb5 $1 {[%cal Rb5b6]} (43. Rxh5 Rdxb4+ 44. Ka3 Rb3+ 45. Ka2 Rb2+ 46. Ka3 R2b3+ 47. Ka2 Rb2+ 48. Ka3 R2b3+ $11) 43... Rxb5 (43... Ra6+ {is a better defense.} 44. Kb3 Rd3+ 45. Rc3 Rd7 46. Rc8+ (46. Rxh5 Re6 $18) 46... Kh7 47. Rxh5+ Kg6) 44. Kxb5 $18 {KR-KR} Rd2 45. Kb6 (45. Rxb7 Rxf2 46. g3 Rxh2 $14) 45... Rxf2 {[#]} 46. Rc5 $1 ({But not} 46. Kxb7 $6 Rxg2 47. b5 Rxh2 $16) ({Inferior is} 46. Rxb7 h4 $11) 46... Rxg2 $2 (46... g6 47. Rg5 (47. Kxb7 Rxg2 48. h3 Rh2 $16) 47... Kg7) 47. Rxh5 g6 48. Rc5 Kg7 49. Kxb7 Rxh2 50. b5 {[%cal Bb4b5,Bb5b6,Bb6b7][%mdl 32] White mates.} Kh6 51. b6 g5 52. Kc6 Rf2 53. b7 Rf8 54. Rb5 {Accuracy: White = 68%, Black = 45%.} 1-0

[Event "FRA-chT Top 12 2019"]
[Site "Brest"]
[Date "2019.05.21"]
[Round "4.5"]
[White "Sokolov, Andrei"]
[Black "Bressac, Stephane"]
[Result "1/2-1/2"]
[WhiteElo "2496"]
[BlackElo "2358"]
[Annotator "TA"]
[PlyCount "111"]
[EventDate "2019.05.18"]
[EventType "team-tourn"]
[EventCountry "FRA"]
[SourceTitle "playchess.com"]
[Source "ChessBase"]
[SourceQuality "1"]

{[%evp 14,111,24,25,31,39,45,15,31,6,20,0,41,52,67,7,63,0,37,4,81,83,73,70,88,0,0,0,0,0,0,0,0,0,237,228,236,236,230,224,223,193,199,204,195,177,191,183,333,242,332,326,328,333,328,328,334,269,593,0,311,0,589,417,406,402,417,410,402,399,387,368,533,533,533,528,528,526,519,508,508,500,483,475,581,581,581,543,926,926,5714,5206,29956,29955,29965,29966,29964,29966,5791,5532]} 1. e4 d6 2. d4 Nf6 3. Nc3 e5 4. Nf3 Nbd7 5. Bc4 Be7 6. O-O O-O 7. Re1 c6 8. a4 exd4 {C41: Philidor Defence} (8... a5 9. h3 Nb6 10. Ba2 Nfd7 11. Be3 exd4 12. Bxd4 Nc5 13. Bxc5 dxc5 14. Qe2 Qd6 15. Rad1 Qg6 16. Ne5 Qg5 17. Nf3 Qg6 18. Ne5 Qg5 19. Nf3 Qg6 20. Ne5 Qg5 {½-½ (20) Fressinet,L (2650)-Ponomariov,R (2663) Germany 2019}) 9. Nxd4 Ne5 10. Be2 Re8 {The position is equal.} 11. a5 Bd7 $146 ({Predecessor:} 11... Bf8 12. f4 Ng6 13. f5 Ne5 14. Bf4 Bd7 15. Nf3 b5 16. b4 {0-1 (48) Garcia Blanco,O (2287)-Lezcano Jaen,P (2386) Agaete 2013}) 12. Bf4 Qc7 13. Bg3 Bf8 14. h3 (14. f4 $14) 14... Rad8 (14... b5 $11) 15. Qb1 (15. f4 $14) 15... Bc8 16. Qa2 d5 (16... g5 $11) 17. exd5 $16 Nxd5 18. Nxd5 Rxd5 19. Nf3 ({White should try} 19. c3 $16) 19... Bb4 $1 $11 {[%cal Rd5a5]} 20. c3 Rxa5 21. Bxe5 Rexe5 22. Qc4 Rxa1 $1 23. Rxa1 b5 $2 (23... Ra5 $1 $11 24. Rxa5 Bxa5) 24. Qf4 $18 {[%mdl 64] Pin} Bd6 25. Nxe5 Bxe5 {[#]} 26. Qe3 $1 a5 27. Bg4 Bxg4 28. hxg4 {[%mdl 4096] Endgame KQR-KQB} g6 29. Re1 Bd6 30. Qd4 {[#] Threatening mate with Re8+.} Qb8 (30... Be7 $142 31. g3 h6) 31. Rd1 Bf8 32. Qf6 Qc7 33. Rd8 a4 34. g3 h6 35. Ra8 Qd7 $2 (35... c5 {is a better chance.} 36. Kh2 b4 37. Rxa4 Qb7) 36. Rd8 Qc7 37. Ra8 $2 $40 {[%mdl 128] White attacks.} (37. Kg2) 37... Qd7 38. Qd8 Qxd8 39. Rxd8 {KR-KB} c5 40. Ra8 Kg7 41. Ra5 b4 42. Rxa4 Kf6 (42... bxc3 $142 43. bxc3 Kf6) 43. cxb4 cxb4 44. Ra5 Bd6 45. Rb5 Ke6 46. Kf1 Kd7 47. Rb7+ Ke6 48. Ke2 f5 49. gxf5+ Kxf5 50. Rb6 Be7 51. f4 g5 52. Rxh6 gxf4 53. gxf4 Kxf4 54. Kd3 Ke5 55. Kc4 Bf8 56. Rb6 {[%mdl 32768] Accuracy: White = 69%, Black = 34%. . An unexpected result.} 1/2-1/2

[Event "FRA-chT Top 12 2019"]
[Site "Brest"]
[Date "2019.05.21"]
[Round "4.5"]
[White "Barseghyan, Harutyun"]
[Black "Marcelin, Cyril"]
[Result "1-0"]
[WhiteElo "2470"]
[BlackElo "2451"]
[Annotator "TA"]
[PlyCount "87"]
[EventDate "2019.05.18"]
[EventType "team-tourn"]
[EventCountry "FRA"]
[SourceTitle "playchess.com"]
[Source "ChessBase"]
[SourceQuality "1"]

{[%evp 9,87,-9,-7,-10,-10,-10,-9,-9,-10,-20,-4,-13,0,-11,-8,-18,0,0,17,13,6,0,15,8,16,17,27,17,27,4,35,24,23,41,75,41,63,61,70,69,156,156,156,156,154,151,145,133,217,222,217,213,200,222,214,200,270,261,326,314,519,389,384,391,554,576,579,577,579,563,577,569,568,562,546,540,531,489,1072,517]} 1. d4 d5 2. c4 e6 3. Nf3 a6 4. Nc3 (4. e3 Nf6 5. Nc3 dxc4 6. Bxc4 b5 7. Be2 Bb7 8. O-O Nbd7 9. b3 c5 10. Bb2 Be7 11. Rc1 O-O 12. Qc2 Rc8 13. Qb1 Qb6 14. Rfd1 Rfd8 15. h3 h6 16. dxc5 Nxc5 17. Rxd8+ Rxd8 {0-1 (59) Mamedyarov,S (2817)-Carlsen,M (2835) St Petersburg 2018}) 4... dxc4 5. e3 b5 6. a4 {D30: Queen's Gambit Declined: Systems without Nc3} b4 7. Nb1 Bb7 8. Bxc4 {The position is equal.} Nf6 9. a5 Nbd7 10. Nbd2 Bd6 11. O-O O-O 12. Nb3 $146 ({Predecessor:} 12. b3 Ne4 13. Nxe4 Bxe4 {½-½ (45) Michna,M (2325)-Sorokina,A (2180) Warsaw 1999}) 12... Ng4 13. h3 Bxf3 14. Qxf3 Nh2 {[%mdl 64] Double Attack} 15. Qc6 {Strongly threatening Re1.} Nxf1 16. Bxf1 Ra7 17. e4 Nb8 18. Qc4 c6 19. Bd2 Rb7 20. Nc5 Bxc5 $1 21. Qxc5 b3 22. Bc3 {[%mdl 1024] White has strong compensation.} Qd7 23. Bc4 Rd8 24. Qg5 {d5 is the strong threat.} f6 ({Black should try} 24... h6 $14 25. Qg4 Qd6) 25. Qg4 $16 Re8 {[#]} 26. e5 $1 {[%cal Re5f6]} fxe5 27. Re1 Rb5 28. dxe5 ({But not} 28. Rxe5 $6 Rxe5 29. dxe5 c5 $14) ({Don't do} 28. Bxb5 $6 cxb5 29. Rxe5 (29. dxe5 Rd8 $11) 29... b4 $14) 28... Kh8 (28... Qf7 $16 29. f4 (29. Bxb5 cxb5 30. Rd1 Qg6 $16) 29... Rd5) 29. Bxb5 $18 cxb5 {[#]} 30. Rd1 $1 {[%cal Rd1d7]} Qc8 31. Qb4 Nc6 32. Qxb3 b4 33. Be1 Qb7 34. Rd6 Nxe5 $2 (34... Qb5 {might work better.} 35. Rxe6 Rb8) 35. Qxb4 Qxb4 36. Bxb4 {[%mdl 4096] Endgame KRB-KRN} Nc4 (36... Ra8 $142 37. Rxe6 Ng6) 37. Rxa6 {White is clearly winning.} Nxb2 38. Bc3 Nd3 39. Rd6 Nc5 40. Rc6 Ne4 41. Be5 Kg8 42. a6 Ra8 43. f3 Ng5 (43... Nd2 $142 44. Rxe6 Nb3) 44. f4 {Accuracy: White = 73%, Black = 38%.} (44. Rb6 $142 Kf7 45. h4) 1-0

[Event "FRA-chT Top 12 2019"]
[Site "Brest"]
[Date "2019.05.21"]
[Round "4.5"]
[White "Payen, Arnaud"]
[Black "Terrieux, Kevin"]
[Result "1/2-1/2"]
[WhiteElo "2358"]
[BlackElo "2455"]
[Annotator "TA"]
[PlyCount "25"]
[EventDate "2019.05.18"]
[EventType "team-tourn"]
[EventCountry "FRA"]
[SourceTitle "playchess.com"]
[Source "ChessBase"]
[SourceQuality "1"]

{[%evp 14,25,39,0,0,-8,-7,-8,-5,0,0,-12,13,13]} 1. d4 d5 2. Nf3 Nf6 3. c4 dxc4 4. e3 a6 5. Bxc4 b5 6. Be2 Bb7 7. O-O e6 8. Nc3 Nbd7 {The position is equal. D26: Queen's Gambit Accepted: 4 e3 e6 5 Bxc5 c5 sidelines} 9. b3 {[%cal Bb2b3,Bb3b4][%mdl 32]} c5 10. Bb2 Bd6 11. dxc5 Bxc5 12. Qb1 $146 ({Predecessor:} 12. Bd3 O-O 13. Qe2 Rc8 14. Rac1 Qb6 15. Rfd1 Rfd8 16. a3 Qa7 17. b4 Be7 {0-1 (43) Kiewra,K (2362)-Nakamura,H (2749) chess.com INT 2019}) 12... Qc7 13. b4 1/2-1/2

[Event "FRA-chT Top 12 2019"]
[Site "Brest"]
[Date "2019.05.21"]
[Round "4.5"]
[White "Dornbusch, Tatiana"]
[Black "Loiseau, Quentin"]
[Result "0-1"]
[WhiteElo "2285"]
[BlackElo "2471"]
[Annotator "TA"]
[PlyCount "124"]
[EventDate "2019.05.18"]
[EventType "team-tourn"]
[EventCountry "FRA"]
[SourceTitle "playchess.com"]
[Source "ChessBase"]
[SourceQuality "1"]

{[%evp 21,124,9,7,0,0,0,-9,-7,0,0,0,-49,-45,-62,-62,-62,-63,-85,-58,-68,-57,-69,-49,-35,-39,-56,-54,-63,-38,-51,-42,-54,-43,-82,-6,-38,-38,-39,-39,-45,-41,-45,-38,-38,-38,-38,-38,-38,-38,-38,-38,-43,-44,-43,-38,-64,-61,-92,0,-145,-145,-363,-363,-363,-349,-345,-354,-602,-563,-602,-602,-579,-508,-508,-507,-892,-799,-1152,-1121,-2598,-2266,-1145,-1406,-5060,-4384,-5600,-693,-6203,-6042,-29979,-29981,-29981,-29982,-29986,-29987,-29987,-29987,-29987,-29988,-29989,-29990,-29991,-29992,-29993,-29994]} 1. d4 Nf6 2. Nf3 d5 3. c4 e6 4. Nc3 dxc4 5. e3 a6 6. a4 c5 7. Bxc4 Nc6 8. O-O Be7 9. Qe2 O-O 10. Rd1 Qc7 11. h3 Rd8 12. dxc5 {D27: Queen's Gambit Accepted: Classical main line: 7 e4!? and 7 a4} Rxd1+ 13. Qxd1 Bxc5 {[#]} 14. Bd2 $146 {The position is equal.} ({Predecessor:} 14. e4 h6 15. Qe1 Nd4 16. Nxd4 Bxd4 17. Bd3 Qg3 18. Bc2 Qc7 19. Be3 e5 {½-½ (40) Tregubov,P (2589)-Roberson,P (2403) Douglas 2017}) 14... Bd7 15. Rc1 Rd8 16. Qe2 Ne5 17. Nxe5 Qxe5 18. Rd1 Bc6 19. Bc1 Rc8 20. Bd3 Bb4 21. Bd2 Qa5 22. Bc2 h6 23. Be1 {[#]} Qg5 $1 {[%csl Gc6][%cal Rg5g2][%mdl 512]} 24. f3 Bc5 25. Bf2 Bb6 26. Kh1 Bc7 27. Qd3 Bg3 (27... Qe5 $17 {[%csl Gc7][%cal Re5h2]} 28. f4 Qc5) 28. Bg1 Qh4 {( -> ...Qxh3+!)} 29. e4 Nh5 30. Ne2 Be5 31. b4 Ng3+ 32. Nxg3 Qxg3 33. Qe2 $1 Be8 34. Rb1 g5 35. b5 axb5 36. axb5 h5 37. Bd3 Rc3 38. Rd1 Kg7 39. Qf2 h4 (39... Qxf2 $17 40. Bxf2 Rb3) 40. Qxg3 (40. Qe2 $11) 40... hxg3 $17 41. h4 $2 (41. Be3 $17 {is a better defense.}) 41... gxh4 $19 42. f4 Bf6 43. e5 Be7 44. Be4 $2 (44. f5 exf5 45. Bd4) 44... Bxb5 45. Bxb7 Bc6 46. Bd4 Rc2 47. Bxc6 Rxc6 {[%mdl 4096] Endgame KRB-KRB} 48. f5 (48. Rb1 $142 Rc4 49. Be3) 48... exf5 49. e6+ f6 50. Re1 Kg6 51. Kg1 f4 52. Kf1 Kf5 53. Ba7 Ra6 (53... f3 $142 54. Kg1 Kf4) 54. Bg1 Rxe6 55. Rxe6 Kxe6 {KB-KB. Black mates.} 56. Ke2 Kd5 57. Ba7 Ke4 58. Bb6 Bd6 59. Ba7 Be5 60. Bb6 Bd4 61. Bc7 {[#]} h3 $1 {[%mdl 64] Promotion} 62. gxh3 g2 {Accuracy: White = 32%, Black = 74%.} 0-1

[Event "FRA-chT Top 12 2019"]
[Site "Brest"]
[Date "2019.05.21"]
[Round "4.6"]
[White "Van Foreest, Jorden"]
[Black "Gozzoli, Yannick"]
[Result "1/2-1/2"]
[WhiteElo "2601"]
[BlackElo "2622"]
[Annotator "TA"]
[PlyCount "110"]
[EventDate "2019.05.18"]
[EventType "team-tourn"]
[EventCountry "FRA"]
[SourceTitle "playchess.com"]
[Source "ChessBase"]
[SourceQuality "1"]

{[%evp 10,110,11,19,20,17,17,17,23,32,7,7,0,13,10,-1,0,-24,20,13,16,-17,-24,-18,-15,-18,-11,-8,-12,-23,-6,-26,0,0,0,0,12,15,15,19,16,16,22,28,17,24,37,37,37,36,37,37,30,35,26,39,35,0,18,14,18,12,12,12,83,83,78,71,100,55,71,53,53,54,71,72,124,124,131,124,135,135,135,124,124,0,166,125,167,152,179,121,135,93,93,93,93,85,85,85,85,85,85]} 1. e4 e5 2. Nf3 Nc6 3. Bc4 Nf6 4. d3 Bc5 5. c3 d6 6. O-O a5 {C54: Giuoco Piano: 4 c3 Nf6, main lines with 5 d4 and 5 d3} 7. Re1 O-O 8. h3 h6 {The position is equal.} 9. Nbd2 Be6 10. Bb5 Qb8 11. Nf1 Qa7 12. d4 $146 ({Predecessor:} 12. Be3 Bxe3 13. Nxe3 Ne7 14. a4 Ng6 15. Bc4 Bxc4 16. Nxc4 {1-0 (64) Karjakin,S (2753)-Svidler,P (2737) St Petersburg 2018}) 12... exd4 13. Bxc6 $1 {[%cal Rc3d4]} bxc6 (13... dxc3 $5 {[%cal Rc5f2]} 14. Ba4 Bxf2+ 15. Kh2 Bxe1 16. Qxe1 Qa6 $11) 14. cxd4 Bb4 15. Re3 d5 16. a3 Be7 17. Ne5 Qa6 18. exd5 cxd5 19. Ng3 c5 20. Re1 Rab8 21. dxc5 Bxc5 22. Bf4 Ba7 23. b4 Ne4 24. Nxe4 dxe4 25. Rxe4 Qb7 26. Re1 axb4 27. axb4 {[#] Strongly threatening Rxa7!} Rfd8 28. Qf3 Qxf3 29. gxf3 {Nc6 is the strong threat.} Rb7 $1 30. Nc6 Rdd7 31. Rxa7 Rxa7 32. Nxa7 Rxa7 $11 {[%mdl 4096] Endgame KRB-KRB} 33. b5 {[%cal Bb4b5,Bb5b6][%mdl 32]} Ra4 34. Bd6 Rd4 35. Bc5 Rc4 36. Re5 Rc1+ (36... Bxh3 $11 {keeps the balance.} 37. Re8+ (37. b6 Bd7 $14) 37... Kh7) 37. Kg2 $16 Rb1 38. b6 g5 39. Be3 Rb4 40. Kg3 Kg7 41. Re4 Rb1 42. h4 gxh4+ (42... Kg6 $142) 43. Rxh4 Kf6 44. Rxh6+ Ke7 45. Rh8 Kd7 46. Rh5 Kd6 47. Rh6 (47. Bc5+ $16 Kc6 48. Be3) 47... Kc6 $2 (47... Ke7 $1 $11 {and Black is okay.}) 48. f4 {[#] aiming for f5.} Rb5 49. Rh1 Bd5 50. Rh5 ({White should play} 50. Rc1+ $18 Kd7 51. f5) 50... Rb1 51. f5 Rh1 {White is better.} 52. Rxh1 Bxh1 53. f3 Kb7 54. Kg4 Kc6 55. Kf4 Kb7 {Accuracy: White = 70%, Black = 57%.} 1/2-1/2

[Event "FRA-chT Top 12 2019"]
[Site "Brest"]
[Date "2019.05.21"]
[Round "4.6"]
[White "Wirig, Anthony"]
[Black "Ribbegren, Karl Johan"]
[Result "1-0"]
[WhiteElo "2516"]
[BlackElo "2209"]
[Annotator "TA"]
[PlyCount "59"]
[EventDate "2019.05.18"]
[EventType "team-tourn"]
[EventCountry "FRA"]
[SourceTitle "playchess.com"]
[Source "ChessBase"]
[SourceQuality "1"]

{[%evp 16,71,12,16,16,20,14,16,37,12,41,0,4,0,0,0,9,-2,18,14,64,58,97,97,100,90,81,57,65,37,46,33,32,16,4,19,50,36,130,61,145,141,185,187,543,458,640,631,1650,1645,1472,1389,1381,1618,1504,1509,1384,1314]} 1. d4 d6 2. e4 Nf6 3. Nc3 g6 4. Be3 c6 5. h3 Nbd7 6. Nf3 Qc7 7. a4 Bg7 8. Bd3 O-O 9. O-O e5 {B08: Pirc Defence: Classical System} 10. Re1 Re8 (10... b6 11. dxe5 dxe5 12. Bc4 a6 13. Qe2 Bb7 14. Ba2 b5 15. axb5 cxb5 16. Nd2 b4 17. Nd5 Bxd5 18. exd5 Qxc2 19. Bb3 Qc8 20. Rec1 {1-0 (50) Grischuk,A (2763)-Bologan,V (2732) Astana 2012}) 11. Qd2 b6 {The position is equal.} 12. Bh6 Bb7 13. Bxg7 $146 ({Predecessor:} 13. Bc4 a6 14. Bxg7 Kxg7 15. Ng5 d5 {0-1 (34) Regue Farran,E (1971)-Narciso Dublan,M (2468) Torredembarra 2018}) 13... Kxg7 14. dxe5 dxe5 15. Ne2 Nc5 16. Ng3 Kh8 17. Bc4 Rad8 18. Qc3 a5 {[#]} 19. b4 $1 {[%cal Rb4c5]} axb4 20. Qxb4 Na6 21. Qb2 Re7 22. Ng5 Rd4 23. Qa2 {[%cal Rg5f7]} Nc5 24. c3 Rdd7 25. Qe2 h6 26. Nf3 {Qe3 is the strong threat.} Rd8 {[#]} (26... Kh7 $14) 27. a5 $1 {[%mdl 512]} Ncd7 (27... b5 $14) (27... bxa5 28. Qe3) 28. Qe3 Kg7 29. Nh4 $36 {[%mdl 2048] White has strong initiative.} Ng8 $2 {[#]} (29... Rh8 {is tougher.}) 30. Ngf5+ {Played: Nh4-f5} 1-0